Al Capone shines my shoes / (Record no. 3001)

MARC details
000 -LEADER
fixed length control field 01350cam a2200337 a 4500
001 - CONTROL NUMBER
control field 3001
003 - CONTROL NUMBER IDENTIFIER
control field FISKH
005 - DATE AND TIME OF LATEST TRANSACTION
control field 20240130121115.0
008 - FIXED-LENGTH DATA ELEMENTS--GENERAL INFORMATION
fixed length control field 090217s2009 nyu c b 000 1 eng
010 ## - LIBRARY OF CONGRESS CONTROL NUMBER
LC control number 2009004157
020 ## - INTERNATIONAL STANDARD BOOK NUMBER
International Standard Book Number 9780803734609
020 ## - INTERNATIONAL STANDARD BOOK NUMBER
International Standard Book Number 9780545338714
040 ## - CATALOGING SOURCE
Original cataloging agency DLC
Transcribing agency DLC
Modifying agency DLC
Language of cataloging eng
042 ## - AUTHENTICATION CODE
Authentication code lcac
050 00 - LIBRARY OF CONGRESS CALL NUMBER
Classification number PZ7.C446265
Item number Ap 2009
082 00 - DEWEY DECIMAL CLASSIFICATION NUMBER
Classification number [Fic]
Edition number 22
100 1# - MAIN ENTRY--PERSONAL NAME
Personal name Choldenko, Gennifer,
Dates associated with a name 1957-
245 10 - TITLE STATEMENT
Title Al Capone shines my shoes /
Statement of responsibility, etc. Gennifer Choldenko.
250 ## - EDITION STATEMENT
Edition statement First Scholastic Paperback printing, January 2011
260 ## - PUBLICATION, DISTRIBUTION, ETC.
Place of publication, distribution, etc. New York :
Name of publisher, distributor, etc. Scholastic,
Date of publication, distribution, etc. 2009
300 ## - PHYSICAL DESCRIPTION
Extent 274 pages :
Dimensions 20 cm
520 ## - SUMMARY, ETC.
Summary, etc. Moose Flanagan, who lives on Alcatraz along with his family and the families of the other prison guards, is frightened when he discovers that noted gangster Al Capone, a prisoner there, wants a favor in return for the help that he secretly gave Moose.
586 8# - AWARDS NOTE
Awards note A Listening Library selection.
610 20 - SUBJECT ADDED ENTRY--CORPORATE NAME
Corporate name or jurisdiction name as entry element United States Penitentiary, Alcatraz Island, California
Form subdivision Juvenile fiction.
610 21 - SUBJECT ADDED ENTRY--CORPORATE NAME
Corporate name or jurisdiction name as entry element United States Penitentiary, Alcatraz Island, California
Form subdivision Fiction.
650 #1 - SUBJECT ADDED ENTRY--TOPICAL TERM
Topical term or geographic name entry element Autism
Form subdivision Fiction.
650 #1 - SUBJECT ADDED ENTRY--TOPICAL TERM
Topical term or geographic name entry element Siblings
Form subdivision Fiction.
651 #1 - SUBJECT ADDED ENTRY--GEOGRAPHIC NAME
Geographic name Alcatraz Island (Calif.)
General subdivision History
Chronological subdivision 20th century
Form subdivision Fiction.
906 ## - LOCAL DATA ELEMENT F, LDF (RLIN)
a 7
b cbc
c orignew
d 1
e ecip
f 20
g y-gencatlg
942 ## - ADDED ENTRY ELEMENTS (KOHA)
Source of classification or shelving scheme Dewey Decimal Classification
Koha item type Books
Suppress in OPAC No
Holdings
Withdrawn status Lost status Source of classification or shelving scheme Damaged status Not for loan Collection Home library Current library Shelving location Date acquired Total Checkouts Full call number Barcode Date last seen Price effective from Koha item type
    Dewey Decimal Classification     Fiction Footprints International School Library Network Toul Kork Campus Footprints International School Library Network Toul Kork Campus   01/30/2024   CHO Fic PZ7.C446265 FISSE01037 01/30/2024 01/30/2024 Books